000 00557nam a2200193Ia 4500
005 20250508160923.0
008 008 250505s9999 xx 000 0 eng d
020 _a0-12-057850-6
037 _aTextual
040 _aFEDL
_beng
_cFEDL
041 _aeng
_2eng
084 _a153, AND
_qFEDL
100 _aAnderson Barry F.
245 0 _aCognitive psychology : The study of knowing, learning, and thinking
260 _aNew York, USA
_bAcademic Press
_c1975
300 _axiii,402p.
942 _cTEXL
_h153, AND
999 _c1367407
_d1367407